The hub and the place (Record no. 116231)

MARC details
000 -LEADER
fixed length control field 01177cam a22002895a 4500
001 - CONTROL NUMBER
control field L160116
008 - FIXED-LENGTH DATA ELEMENTS--GENERAL INFORMATION
fixed length control field 170725s2016 xxk f 000 0 eng d
035 ## - SYSTEM CONTROL NUMBER
System control number (Sirsi) u160116
041 0# - LANGUAGE CODE
Language code of text/sound track or separate title eng
110 2# - MAIN ENTRY--CORPORATE NAME
Corporate name or jurisdiction name as entry element Royal Institution of Chartered Surveyors
9 (RLIN) 4900
245 04 - TITLE STATEMENT
Title The hub and the place
Remainder of title An international study of the processes and stimulants of large transport hubs and the effects on urban developments in the UK, China and India
Medium [electronic resource]
260 ## - PUBLICATION, DISTRIBUTION, ETC.
Place of publication, distribution, etc. London
Name of publisher, distributor, etc. RICS
Date of publication, distribution, etc. 2016
490 #0 - SERIES STATEMENT
Series statement RICS Research
520 ## - SUMMARY, ETC.
Summary, etc. Takes an in-depth look at the issues related to infrastructure delivery, by examining three case studies of rail transport hubs and their surrounding environment and urban development in the UK, China and India.
590 ## - LOCAL NOTE (RLIN)
Local note NTK
650 24 - SUBJECT ADDED ENTRY--TOPICAL TERM
Topical term or geographic name entry element RAIL PROJECTS
650 24 - SUBJECT ADDED ENTRY--TOPICAL TERM
Topical term or geographic name entry element TRANSPORT HUBS
650 24 - SUBJECT ADDED ENTRY--TOPICAL TERM
Topical term or geographic name entry element URBAN DEVELOPMENT
650 24 - SUBJECT ADDED ENTRY--TOPICAL TERM
Topical term or geographic name entry element Infrastructure
9 (RLIN) 6246
651 ## - SUBJECT ADDED ENTRY--GEOGRAPHIC NAME
Geographic name United Kingdom
651 #4 - SUBJECT ADDED ENTRY--GEOGRAPHIC NAME
Geographic name China
651 #4 - SUBJECT ADDED ENTRY--GEOGRAPHIC NAME
Geographic name India
700 1# - ADDED ENTRY--PERSONAL NAME
Personal name Pryke, Stephen
700 1# - ADDED ENTRY--PERSONAL NAME
Personal name Badi, Sulafa
856 40 - ELECTRONIC LOCATION AND ACCESS
Uniform Resource Identifier <a href="https://www.isurv.com/downloads/file/8250/the_hub_and_the_place">https://www.isurv.com/downloads/file/8250/the_hub_and_the_place</a>
Public note Archived on isurv (subscription required)
942 ## - ADDED ENTRY ELEMENTS (KOHA)
Suppress in OPAC 0
Source of classification or shelving scheme Dewey Decimal Classification
Holdings
Withdrawn status Lost status Source of classification or shelving scheme Damaged status Not for loan Home library Current library Shelving location Date acquired Total Checkouts Full call number Date last seen Copy number Uniform Resource Identifier Price effective from Koha item type Public note
    Dewey Decimal Classification     Virtual Virtual Online 24/05/2018   isurv 09/12/2024 1 https://www.isurv.com/downloads/file/8250/the_hub_and_the_place 06/08/2019 Online material Archived on isurv (subscription required)